Umenije slušať - zalog uspešnoj delovoj kommunikacii
Potreba ovládania cudzieho jazyka v súčasnosti. Umenie počúvať - predpoklad úspešnej komunikácie v cudzom jazyku.
Na minha lista:
| Autor principal: | |
|---|---|
| Formato: | Capítulo de Livro |
| Idioma: | russo |
| Assuntos: | |
| Tags: |
Sem tags, seja o primeiro a adicionar uma tag!
|
MARC
| LEADER | 00000naa$a2200000$$$4500 | ||
|---|---|---|---|
| 001 | 0185751 | ||
| 005 | 20240502083438.5 | ||
| 041 | 0 | |a rus | |
| 044 | |a RU | ||
| 245 | 1 | 0 | |a Umenije slušať - zalog uspešnoj delovoj kommunikacii |c Katarína Strelková |
| 520 | |a Potreba ovládania cudzieho jazyka v súčasnosti. Umenie počúvať - predpoklad úspešnej komunikácie v cudzom jazyku. | ||
| 610 | 2 | 0 | |a jazyky cudzie |
| 610 | 2 | 0 | |a komunikácia |
| 610 | 2 | 0 | |a ruština |
| 610 | 2 | 0 | |a vzdelávanie |
| 100 | 1 | |a Strelková, Katarína | |